Welcome to CU Library Online Public Access Catalogue (OPAC)

INTERNATIONAL BUSINESS (Record no. 6309)

MARC details
000 -LEADER
fixed length control field 00512nam a22001817a 4500
005 - DATE AND TIME OF LATEST TRANSACTION
control field 20250605132348.0
008 - FIXED-LENGTH DATA ELEMENTS--GENERAL INFORMATION
fixed length control field 250605b |||||||| |||| 00| 0 eng d
020 ## - INTERNATIONAL STANDARD BOOK NUMBER
International Standard Book Number 0273779753
050 ## - LIBRARY OF CONGRESS CALL NUMBER
Classification number HD 62.4W586 WIL
100 ## - MAIN ENTRY--PERSONAL NAME
Personal name WILD JOHN J.
245 ## - TITLE STATEMENT
Title INTERNATIONAL BUSINESS
Remainder of title THE CHALLENGES OF GLOBALIZATION
250 ## - EDITION STATEMENT
Edition statement 6TH ED.
260 ## - PUBLICATION, DISTRIBUTION, ETC.
Place of publication, distribution, etc. BOSTON
Name of publisher, distributor, etc. PEARSON
Date of publication, distribution, etc. 2013
300 ## - PHYSICAL DESCRIPTION
Extent 480p.,MAPS,GRAPHS,TABLES,ILLUS,DIAGRAMS
500 ## - GENERAL NOTE
General note ENDNOTES,GLOSSARY,INDEX
700 ## - ADDED ENTRY--PERSONAL NAME
Personal name WILD KENNETH L.
942 ## - ADDED ENTRY ELEMENTS (KOHA)
Source of classification or shelving scheme Library of Congress Classification
Koha item type Books
Suppress in OPAC No
999 ## -
-- 6309
-- 6309
Holdings
Withdrawn status Lost status Source of classification or shelving scheme Damaged status Not for loan Collection Home library Current library Shelving location Date acquired Total checkouts Full call number Barcode Date last seen Price effective from Koha item type
    Library of Congress Classification     Non-fiction Graduate Library (Christ Temple) Graduate Library (Christ Temple) General stacks 06/05/2025   HD 62.4.W586 WIL gsct00001539 06/05/2025 06/05/2025 Books
    Library of Congress Classification     Non-fiction Graduate Library (Christ Temple) Graduate Library (Christ Temple) General stacks 06/05/2025   HD 62.4.W586 WIL gsct00001540 06/05/2025 06/05/2025 Books
    Library of Congress Classification     Non-fiction Graduate Library (Christ Temple) Graduate Library (Christ Temple) General stacks 06/05/2025   HD 62.4.W586 WIL gsct00001541 06/05/2025 06/05/2025 Books
    Library of Congress Classification     Non-fiction Graduate Library (Christ Temple) Graduate Library (Christ Temple) General stacks 06/05/2025   HD 62.4.W586 WIL gsct00001542 06/05/2025 06/05/2025 Books
© 2023-2024 Copyright: Central University Libraries. All Rights Reserved | Created by: Mahone Tech Office